000
00296nam a2200109 a 4500
005
20140513081053.0
008
090911s19uu xx 00 eng d
050
_a
Kit
_b
MR. 1982
245
_a
Mr. Men Sing Along /
_c
Hangreaves, Roger.
260
_a
U.S.A :
_b
Ottenheimer pub,
_c
1982.
999
_c
116399
_d
116399